| 000 | 01027nam a22002417a 4500 | ||
|---|---|---|---|
| 999 |
_c16970 _d16970 |
||
| 003 | AR-CdUCM | ||
| 008 | 190506b ||||| |||| 00| 0 spa d | ||
| 040 |
_aMUNICIPALIDAD PROVINCIAL DEL CUSCO _cBIBLIOTECA MUNICIPAL DEL CUSCO |
||
| 041 | _hger | ||
| 082 |
_a781.61 / _bR56 |
||
| 100 |
_aRiemann, Hugo _927410 |
||
| 245 |
_aComposición musical : _bteoría de las formas musicales / |
||
| 260 |
_aBarcelona : _bLabor, _c1929. |
||
| 300 |
_a526 páginas ; _bpentagramas, _c19 cm. |
||
| 440 |
_aColección Labor / Sección 5. _n211 - 212 _936747 |
||
| 505 | _aContenido: Estructuras simétrica de los períodos de ocho compases -- De las funciones de la armonía en la estructura del período -- De los medios empleados para la ruptura de la rigurosa simetría de la estructura temática -- Las grandes formas musicales ... | ||
| 650 |
_aComposición musical _936748 |
||
| 650 |
_aArte _9561 |
||
| 650 |
_aSiglo XX _98 |
||
| 700 |
_aGerhard, Roberto (traducción) _936095 |
||
| 942 |
_2ddc _cLIBROS |
||
| 945 |
_aachl _d2019-05-06 |
||